| 000 | 00000nam##2200000za#4500 |
| 001 | 9.579506 |
| 003 | CaOODSP |
| 005 | 20210624190608 |
| 007 | cr ||||||||||| |
| 008 | 150406|1992||||xxc|||||o f|0| 0 eng|d |
| 022 | |a1488-5387 |
| 040 | |aCaOODSP|beng |
| 043 | |an-cn--- |
| 086 | 1 |aFs97-4/2147E-PDF |
| 110 | 1 |aCanada. |bDepartment of Fisheries and Oceans. |
| 245 | 10|aAbundance, age, size, sex and coded wire tag recoveries for Chinook salmon escapements of Kitsumkalum River, 1989-1990 / |h[electronic resource]|cby B.L. Nass and R.C. Bocking. |
| 260 | |aVancouver - British Columbia : |bFisheries and Oceans Canada |c1992. |
| 300 | |a71p.|bfigs., references, tables |
| 490 | 1 |aCanadian manuscript report of fisheries and aquatic sciences|x1488-5387|vNo. 2147 |
| 500 | |aOn t. p. : Fisheries Branch, Vancouver, B.C. The catalogue number and ISSN for the print edition appear in the PDF version. "April 1992" |
| 546 | |a(Résumés en français) |
| 590 | |a14-09-Supp|b2014-04-23 |
| 720 | 1 |aBocking, R. C. |
| 720 | 1 |aNass, B. L. |
| 830 | #0|aCanadian manuscript report of fisheries and aquatic sciences,|x1488-5387|vNo. 2147|w(CaOODSP)9.505211 |
| 856 | 40|ahttp://publications.gc.ca|qPDF|s22.89 MB|uhttps://publications.gc.ca/collections/collection_2014/mpo-dfo/Fs97-4-2147-eng.pdf|yNo. 2147 |